|
|
|
|
| LEADER |
02545nam a2200673 i 4500 |
| 001 |
nkc20183009145 |
| 003 |
CZ PrNK |
| 005 |
20180917100940.0 |
| 007 |
ta |
| 008 |
180727s2018 xr abc f 000 0 cze |
| 015 |
|
|
|a cnb003009145
|
| 020 |
|
|
|a 978-80-86527-51-2
|q (Gentiana ;
|q vázáno) :
|c neprodejné
|
| 035 |
|
|
|a (OCoLC)1051235734
|
| 040 |
|
|
|a ABA001
|b cze
|e rda
|
| 043 |
|
|
|a e-xr---
|
| 072 |
|
7 |
|a 27-5
|x Liturgie. Křesťanské umění a symbolika. Duchovní život
|2 Konspekt
|9 5
|
| 080 |
|
|
|a 725.94
|2 MRF
|
| 080 |
|
|
|a 27-526.64
|2 MRF
|
| 080 |
|
|
|a 27-36-5
|2 MRF
|
| 080 |
|
|
|a 630.6:334.716
|2 MRF
|
| 080 |
|
|
|a 355.071.5
|2 MRF
|
| 080 |
|
|
|a 630.1
|2 MRF
|
| 080 |
|
|
|a 631.115.71
|2 MRF
|
| 080 |
|
|
|a (437.3)
|2 MRF
|
| 080 |
|
|
|a (048.8)
|2 MRF
|
| 100 |
1 |
|
|a Dvořák, Jiří,
|d 1959-
|7 jn20000728122
|4 aut
|
| 245 |
1 |
0 |
|a Pod ochranou svatých /
|c Jiří Dvořák
|
| 250 |
|
|
|a 1. vydání
|
| 264 |
|
1 |
|a Jilemnice :
|b Gentiana,
|c 2018
|
| 300 |
|
|
|a 287 stran :
|b ilustrace (převážně barevné), mapy, portréty ;
|c 22 x 31 cm
|
| 336 |
|
|
|a text
|b txt
|2 rdacontent
|
| 336 |
|
|
|a statický obraz
|b sti
|2 rdacontent
|
| 337 |
|
|
|a bez média
|b n
|2 rdamedia
|
| 338 |
|
|
|a svazek
|b nc
|2 rdacarrier
|
| 550 |
|
|
|a Vydavatel: Vojenské lesy a statky ČR
|
| 610 |
2 |
7 |
|a Vojenské lesy a statky ČR (firma)
|7 mzk2003208077
|2 czenas
|
| 650 |
0 |
7 |
|a boží muka a křížky
|7 ph135147
|z Česko
|2 czenas
|
| 650 |
0 |
7 |
|a devoční obrazy
|7 ph319022
|z Česko
|2 czenas
|
| 650 |
0 |
7 |
|a kult svatých
|7 ph138466
|z Česko
|2 czenas
|
| 650 |
0 |
7 |
|a lesní podniky
|7 ph115115
|z Česko
|2 czenas
|
| 650 |
0 |
7 |
|a vojenské újezdy
|7 ph388288
|z Česko
|2 czenas
|
| 650 |
0 |
7 |
|a lesy
|7 ph115123
|z Česko
|2 czenas
|
| 650 |
0 |
7 |
|a státní statky
|7 ph317245
|z Česko
|2 czenas
|
| 650 |
0 |
9 |
|a state farms
|z Czechia
|2 eczenas
|
| 650 |
0 |
9 |
|a wayside shrines and crosses
|z Czechia
|2 eczenas
|
| 650 |
0 |
9 |
|a cult of saints
|z Czechia
|2 eczenas
|
| 650 |
0 |
9 |
|a forest enterprises
|z Czechia
|2 eczenas
|
| 650 |
0 |
9 |
|a military regions
|z Czechia
|2 eczenas
|
| 650 |
0 |
9 |
|a forests
|z Czechia
|2 eczenas
|
| 650 |
0 |
9 |
|a state farms
|z Czechia
|2 eczenas
|
| 655 |
|
7 |
|a monografie
|7 fd132842
|2 czenas
|
| 655 |
|
9 |
|a monographs
|2 eczenas
|
| 710 |
2 |
|
|a Vojenské lesy a statky ČR (firma)
|7 mzk2003208077
|4 isb
|
| 910 |
2 |
|
|a BOA001
|b 4-1413.020
|
| 990 |
|
|
|a BK
|
| 995 |
|
|
|a 01
|
| 991 |
|
|
|b 201808
|c NOV
|
| 996 |
6 |
|
|b 2610750194
|c 4-1413.020
|l MZK
|r Sklad / do 1 hodiny
|n 0
|p p.v.
|w 001675918
|u 000010
|a 1
|e BOA001
|j MZK50
|s P
|
| 996 |
7 |
|
|b 2610754049
|c 4-1413.020
|l MZK
|r Sklad / do 1 hodiny
|n 0
|p kup
|w 001675918
|u 000020
|a 1
|e BOA001
|j MZK50
|s A
|